| 000 | 00566nam a2200181 4500 | ||
|---|---|---|---|
| 005 | 20260415150709.0 | ||
| 010 | _aENG-148288 | ||
| 020 |
_a9789371365277 _c730.00 |
||
| 035 | _aEN-131820 | ||
| 037 | _bDBAD | ||
| 082 |
_21 _a000 |
||
| 245 |
_aNTA CUET UG _bENGLISH LANGUAGE AND GENERAL APTITUDE TEST |
||
| 250 | _a1 | ||
| 260 |
_aUTTAR PRADESH _bPERSON INDIA EDUCATION SERVICES PVT. LTD |
||
| 270 |
_aIST FLOOR, BERGER TOWER, PLOT NO. C-001A/2, SECTOR 16B, NOIDA _bINDIA _e201301 |
||
| 300 |
_aM5.10 _c23CM(pb) |
||
| 942 |
_2ddc _cEN _e1 _h000 _mNTA |
||
| 999 |
_c215893 _d215893 |
||